000 002580000a22001330004500
005 20120302063958.0
942 _cBOOK
100 _a
_a
_b
_c
245 _a Britain 1990
260 _a
_b
_c
300 _a130p..-ill
040 _aEng
650 _aBritain 1990
999 _c360953
_d360950